MANAGEMENT EXTRA DEVELOPMENT FOR HIGH PE (Record no. 12944)
[ view plain ]
| 000 -LEADER | |
|---|---|
| fixed length control field | 00348nam a2200133Ia 4500 |
| 008 - FIXED-LENGTH DATA ELEMENTS--GENERAL INFORMATION | |
| fixed length control field | 240624s9999 xx 000 0 und d |
| 041 ## - LANGUAGE CODE | |
| Language code of text/sound track or separate title | eng |
| 082 ## - DEWEY DECIMAL CLASSIFICATION NUMBER | |
| Classification number | 658.4 ELS |
| 100 ## - MAIN ENTRY--PERSONAL NAME | |
| Personal name | ELSEVIER |
| 245 ## - TITLE STATEMENT | |
| Title | MANAGEMENT EXTRA DEVELOPMENT FOR HIGH PE |
| 260 ## - PUBLICATION, DISTRIBUTION, ETC. | |
| Date of publication, distribution, etc. | 2007 |
| Place of publication, distribution, etc. | New Delhi |
| Name of publisher, distributor, etc. | Elsevier |
| 300 ## - PHYSICAL DESCRIPTION | |
| Extent | xiii, : 114 : p. : cm. ; 28 |
| 365 ## - TRADE PRICE | |
| Currency code | RS |
| Price amount | 33.33 |
| Withdrawn status | Lost status | Damaged status | Not for loan | Home library | Current library | Shelving location | Date acquired | Source of acquisition | Cost, normal purchase price | Total Holds | Full call number | Barcode | Date last seen | Copy number | Price effective from | Koha item type |
|---|---|---|---|---|---|---|---|---|---|---|---|---|---|---|---|---|
| Store Books | IMTN | IMTN | Rack 27-A | 03/30/2009 | IBH | 495.00 | 2617 | 658.4 ELS | 12944 | 06/24/2024 | 1 | 06/24/2024 | Books |